000 00480nam a2200193Ia 4500
003 OSt
005 20230617114345.0
008 210423s2000 xx 000 0 und d
040 _cAL
041 _aeng
082 _a303.4
_223
_bKUMS
100 _aKUMAR.
_999567
245 _aSocial change and social control.
260 _aNew Delhi
_bKitab Mahal
_c2000
365 _b65
_cINR
650 _aSocial Change
_999568
906 _achange ; control. ; Social
942 _2ddc
_cBK
999 _c171344
_d171344